تحميل...

Reinventing professionalism:journalism and news in global perspective

التفاصيل البيبلوغرافية
المؤلف الرئيسي: Silvio Waisbord
التنسيق: Printed Book
منشور في: Cambridge Polity press 2013
الطبعة:1
الموضوعات:
LEADER 00580nam a22001697a 4500
003 OSt
020 |a 9780745651927 
082 |a 372.6  |b WAI/RE 
100 |a Silvio Waisbord 
245 |a Reinventing professionalism:journalism and news in global perspective 
250 |a 1 
260 |a Cambridge  |b Polity press  |c 2013 
300 |a 266p. 
650 |a key concepts in journalisam 
942 |2 ddc  |c REF 
999 |c 177989  |d 177989 
952 |0 0  |1 0  |2 ddc  |4 0  |6 372_600000000000000_WAI_RE  |7 0  |8 REF  |9 182932  |a KAUCBV  |b KAUCBV  |c REF  |d 2017-10-19  |g 1301.00  |o 372.6 WAI/RE  |p KAU_CCBM-15456  |r 2017-10-19  |w 2017-10-19  |y REF